CREDIBLE and actionable evidence the foundation for rigorous and influential evaluations

Saved in:
Bibliographic Details
Main Author: [edited by] DONALDSON, Stewart I.
Format: Book
Language:English
Published: Sage Publications 2015
Tags: Add Tag
No Tags, Be the first to tag this record!

MARC

LEADER 00000nam a22000007a 4500
008 210122b ||||| |||| 00| 0 eng d
020 |a 978-1-4833-0625-4 
100 |a [edited by] DONALDSON, Stewart I.  
245 |a CREDIBLE and actionable evidence  |b the foundation for rigorous and influential evaluations  |c [edited by] Stewart, I. Donaldson, Christina A. Christie [and] Melvin M. Mark  |g xviii; 333p.; ill. 
250 |b 2nd ed.  |c [edited by] Donaldson, Stewart I., Christie, Christina A., [and] Mark, Melvin M.  
260 |b Sage Publications  |c 2015  |h Los Angeles  |i 691974  |i 691975  |l Q180.55 .E9C86  |m Research – Evaluation  |m Research – Social aspects  |m Social sciences – Methodology  |m Educational accountability  |m Evaluation research (social action programs). 
942 |a lcc  |c BK  |e YUNUSA, A.A.  |f 22/01/2021 
952 |0 0  |1 0  |2 lcc  |4 0  |6 Q018055 E9 C86  |7 0  |9 1544  |a HOL  |b HOL  |c QZ  |d 2021-01-22  |o Q180.55 .E9C86  |p 2021-0333  |r 2021-01-22 00:00:00  |w 2021-01-22  |y BK 
952 |0 0  |1 0  |2 lcc  |4 0  |6 Q018055 E9 C86  |7 0  |9 1545  |a HOL  |b HOL  |c QZ  |d 2021-01-22  |o Q180.55 .E9C86  |p 2021-0334  |r 2021-01-22 00:00:00  |w 2021-01-22  |y BK 
999 |c 813  |d 813